|
|
|
|
| LEADER |
00000naa2a2200000 4500 |
| 001 |
605050 |
| 005 |
20260220142857.0 |
| 035 |
|
|
|a (RuTPU)RU\TPU\conf\2335
|
| 035 |
|
|
|a RU\TPU\conf\2334
|
| 090 |
|
|
|a 605050
|
| 100 |
|
|
|a 20140331d2013 k y0rusy50 ca
|
| 101 |
0 |
|
|a rus
|
| 102 |
|
|
|a RU
|
| 135 |
|
|
|a drcn ---uucaa
|
| 181 |
|
0 |
|a i
|
| 182 |
|
0 |
|a b
|
| 200 |
1 |
|
|a Характеристика аварийно-спасательного оборудования на горном предприятии
|f В. В. Деманова, Д. Б. Коксегенов
|g науч. рук. М. А. Лощилова
|
| 203 |
|
|
|a Текст
|c электронный
|
| 215 |
|
|
|a 1 файл(241 Кб)
|
| 225 |
1 |
|
|a Современные технологии ликвидации ЧС и техническое обеспечение аварийно-спасательных работ
|
| 300 |
|
|
|a Заглавие с экрана
|
| 320 |
|
|
|a [Библиогр.: с. 357 (3 назв.)]
|
| 337 |
|
|
|a Adobe Reader
|
| 463 |
|
1 |
|0 (RuTPU)RU\TPU\conf\1010
|t Экология и безопасность в техносфере: современные проблемы и пути решения
|o сборник трудов Всероссийской научно-практической конференции, г. Томск, 27-28 ноября 2013 г.
|f Национальный исследовательский Томский политехнический университет (ТПУ), Юргинский технологический институт (ЮТИ) ; под ред. В. М. Гришагина и др.
|v [С. 355-357]
|d 2013
|
| 610 |
1 |
|
|a электронный ресурс
|
| 610 |
1 |
|
|a труды учёных ТПУ
|
| 610 |
1 |
|
|a аварийно-спасательные работы
|
| 610 |
1 |
|
|a оборудование
|
| 610 |
1 |
|
|a горные предприятия
|
| 610 |
1 |
|
|a характеристики
|
| 700 |
|
1 |
|a Деманова
|b В. В.
|
| 701 |
|
1 |
|a Коксегенов
|b Д. Б.
|
| 702 |
|
1 |
|a Лощилова
|b М. А.
|c специалист в области права
|c старший преподаватель Юргинского технологического института Томского политехнического университета
|f 1983-
|g Марина Андреевна
|4 727
|9 14711
|
| 712 |
0 |
2 |
|a Национальный исследовательский Томский политехнический университет (ТПУ)
|b Юргинский технологический институт (филиал) (ЮТИ)
|b Кафедра гуманитарного образования и иностранных языков (ГОИЯ)
|3 (RuTPU)RU\TPU\col\18978
|
| 801 |
|
1 |
|a RU
|b 63413507
|c 20101016
|
| 801 |
|
2 |
|a RU
|b 63413507
|c 20140331
|g RCR
|
| 856 |
4 |
|
|u http://www.lib.tpu.ru/fulltext/c/2013/C52/112.pdf
|
| 942 |
|
|
|c CF
|